000
00290nam a22001337a 4500
008
170511b xxu||||| |||| 00| 0 eng d
020
_a
9780314220622
041
_a
eng
080
_2
10 ED
_a
34
100
_a
15
101
_a
SHJ
245
_a
BUSSINES LAW
_c
MANN.R.A
942
_2
udc
_c
BK
999
_c
13099
_d
13099